000 00379 a2200157 4500
001 73734
020 _a8586485438
040 _cAnchieta - Colégio São Paulo
100 _aPúblio, Araylton
240 1 0 _aCanção dos corações foragidos
_lpor
245 1 0 _aCanção dos corações foragidos
300 _a99
362 0 _a1998
650 4 _aPoesia brasileira
942 _cBK
999 _c73734
_d73734